Neoadjuvant carboplatin in patients with triple-negative and HER2-positive early breast cancer (GeparSixto; GBG 66): a randomised phase 2 trial

Saved in:
Bibliographic Details
Main Authors: Minckwitz, Gunter von (Author) , Schneeweiss, Andreas (Author) , Loibl, Sibylle (Author)
Other Authors: Salat, Christoph (Other) , Denkert, Carsten (Other) , Rezai, Mahdi (Other) , Blohmer, Jens-Uwe (Other) , Jackisch, Christian (Other) , Paepke, Stefan (Other) , Gerber, Bernd (Other) , Zahm, Dirk M. (Other) , Kümmel, Sherko (Other) , Eidtmann, Holger (Other) , Klare, Peter (Other) , Huober, Jens (Other) , Costa, Serban (Other) , Tesch, Hans (Other) , Hanusch, Claus Alexander (Other) , Hilfrich, Jörn (Other) , Khandan, Fariba (Other) , Fasching, Peter Andreas (Other) , Sinn, Bruno V. (Other) , Engels, Knut (Other) , Mehta, Keyur (Other) , Nekljudova, Valentina (Other) , Untch, Michael (Other)
Format: Article (Journal)
Language:English
Published: 2014
In: The lancet <London> / Oncology
Year: 2014, Volume: 15, Issue: 7, Pages: 747-756
ISSN:1470-2045
Online Access: Get full text
Author Notes:Gunter von Minckwitz, Andreas Schneeweiss, Sibylle Loibl, Christoph Salat, Carsten Denkert, Mahdi Rezai, Jens U Blohmer, Christian Jackisch, Stefan Paepke, Bernd Gerber, Dirk M Zahm, Sherko Kümmel, Holger Eidtmann, Peter Klare, Jens Huober, Serban Costa, Hans Tesch, Claus Hanusch, Jörn Hilfrich, Fariba Khandan, Peter A Fasching, Bruno V Sinn, Knut Engels, Keyur Mehta, Valentina Nekljudova, Michael Untch

MARC

LEADER 00000caa a2200000 c 4500
001 787828505
003 DE-627
005 20240719190931.0
007 tu
008 140612s2014 xx ||||| 00| ||eng c
035 |a (DE-627)787828505 
035 |a (DE-576)9787828503 
035 |a (DE-599)GBV787828505 
035 |a (OCoLC)1340138455 
040 |a DE-627  |b ger  |c DE-627  |e rakwb 
041 |a eng 
084 |a 33  |2 sdnb 
100 1 |a Minckwitz, Gunter von  |d 1964-  |0 (DE-588)172260035  |0 (DE-627)673296962  |0 (DE-576)133128202  |4 aut 
245 1 0 |a Neoadjuvant carboplatin in patients with triple-negative and HER2-positive early breast cancer (GeparSixto; GBG 66)  |b a randomised phase 2 trial  |c Gunter von Minckwitz, Andreas Schneeweiss, Sibylle Loibl, Christoph Salat, Carsten Denkert, Mahdi Rezai, Jens U Blohmer, Christian Jackisch, Stefan Paepke, Bernd Gerber, Dirk M Zahm, Sherko Kümmel, Holger Eidtmann, Peter Klare, Jens Huober, Serban Costa, Hans Tesch, Claus Hanusch, Jörn Hilfrich, Fariba Khandan, Peter A Fasching, Bruno V Sinn, Knut Engels, Keyur Mehta, Valentina Nekljudova, Michael Untch 
264 1 |c 2014 
300 |b graph. Darst. 
336 |a Text  |b txt  |2 rdacontent 
337 |a ohne Hilfsmittel zu benutzen  |b n  |2 rdamedia 
338 |a Band  |b nc  |2 rdacarrier 
700 1 |a Schneeweiss, Andreas  |d 1961-  |0 (DE-588)109972554  |0 (DE-627)632849630  |0 (DE-576)327251859  |4 aut 
700 1 |a Loibl, Sibylle  |0 (DE-588)12433024X  |0 (DE-627)085790508  |0 (DE-576)294122753  |4 aut 
700 1 |a Salat, Christoph  |4 oth 
700 1 |a Denkert, Carsten  |d 1969-  |0 (DE-588)118129929  |0 (DE-627)079261124  |0 (DE-576)291730604  |4 oth 
700 1 |a Rezai, Mahdi  |4 oth 
700 1 |a Blohmer, Jens-Uwe  |d 1962-  |0 (DE-588)122376641  |0 (DE-627)081907958  |0 (DE-576)293244227  |4 oth 
700 1 |a Jackisch, Christian  |d 1960-  |0 (DE-588)1024193160  |0 (DE-627)71932730X  |0 (DE-576)368124908  |4 oth 
700 1 |a Paepke, Stefan  |d 1964-  |0 (DE-588)17293639X  |0 (DE-627)697863484  |0 (DE-576)133790584  |4 oth 
700 1 |a Gerber, Bernd  |d 1957-  |0 (DE-588)136713238  |0 (DE-627)585337608  |0 (DE-576)301234620  |4 oth 
700 1 |a Zahm, Dirk M.  |4 oth 
700 1 |a Kümmel, Sherko  |d 1971-  |0 (DE-588)122704142  |0 (DE-627)082103372  |0 (DE-576)293388016  |4 oth 
700 1 |a Eidtmann, Holger  |d 1954-  |0 (DE-588)172619130  |0 (DE-627)673654575  |0 (DE-576)133478335  |4 oth 
700 1 |a Klare, Peter  |4 oth 
700 1 |a Huober, Jens  |4 oth 
700 1 |a Costa, Serban  |4 oth 
700 1 |a Tesch, Hans  |0 (DE-588)1020286687  |0 (DE-627)688112129  |0 (DE-576)360062873  |4 oth 
700 1 |a Hanusch, Claus Alexander  |d 1972-  |0 (DE-588)130827525  |0 (DE-627)506018563  |0 (DE-576)298362279  |4 oth 
700 1 |a Hilfrich, Jörn  |4 oth 
700 1 |a Khandan, Fariba  |d 1965-  |0 (DE-588)12883563X  |0 (DE-627)382388380  |0 (DE-576)187734860  |4 oth 
700 1 |a Fasching, Peter Andreas  |d 1975-  |0 (DE-588)129068780  |0 (DE-627)388703040  |0 (DE-576)297477099  |4 oth 
700 1 |a Sinn, Bruno V.  |4 oth 
700 1 |a Engels, Knut  |d 1965-  |0 (DE-588)143849905  |0 (DE-627)655112243  |0 (DE-576)339348747  |4 oth 
700 1 |a Mehta, Keyur  |4 oth 
700 1 |a Nekljudova, Valentina  |4 oth 
700 1 |a Untch, Michael  |0 (DE-588)134268083  |0 (DE-627)566077914  |0 (DE-576)300413572  |4 oth 
773 0 8 |i In  |t The lancet <London> / Oncology  |d Oxford : Elsevier, 2000  |g 15(2014), 7, Seite 747-756  |w (DE-627)330613073  |w (DE-600)2049730-1  |w (DE-576)100517625  |x 1470-2045  |7 nnas  |a Neoadjuvant carboplatin in patients with triple-negative and HER2-positive early breast cancer (GeparSixto; GBG 66) a randomised phase 2 trial 
773 1 8 |g volume:15  |g year:2014  |g number:7  |g pages:747-756  |a Neoadjuvant carboplatin in patients with triple-negative and HER2-positive early breast cancer (GeparSixto; GBG 66) a randomised phase 2 trial 
776 0 8 |i Erscheint auch als  |n Online-Ausgabe  |a Minckwitz, Gunter von, 1964 -   |t Neoadjuvant carboplatin in patients with triple-negative and HER2-positive early breast cancer (GeparSixto; GBG 66)  |d 2014  |w (DE-627)803267169  |w (DE-576)9803267167 
951 |a AR 
992 |a 20200817 
993 |a Article 
998 |g 109972554  |a Schneeweiss, Andreas  |m 109972554:Schneeweiss, Andreas  |d 910000  |d 910400  |e 910000PS109972554  |e 910400PS109972554  |k 0/910000/  |k 1/910000/910400/  |p 2 
999 |a KXP-PPN787828505  |e 3740509198 
BIB |a Y 
SER |a journal 
JSO |a {"physDesc":[{"noteIll":"graph. Darst."}],"name":{"displayForm":["Gunter von Minckwitz, Andreas Schneeweiss, Sibylle Loibl, Christoph Salat, Carsten Denkert, Mahdi Rezai, Jens U Blohmer, Christian Jackisch, Stefan Paepke, Bernd Gerber, Dirk M Zahm, Sherko Kümmel, Holger Eidtmann, Peter Klare, Jens Huober, Serban Costa, Hans Tesch, Claus Hanusch, Jörn Hilfrich, Fariba Khandan, Peter A Fasching, Bruno V Sinn, Knut Engels, Keyur Mehta, Valentina Nekljudova, Michael Untch"]},"title":[{"title_sort":"Neoadjuvant carboplatin in patients with triple-negative and HER2-positive early breast cancer (GeparSixto; GBG 66)","title":"Neoadjuvant carboplatin in patients with triple-negative and HER2-positive early breast cancer (GeparSixto; GBG 66)","subtitle":"a randomised phase 2 trial"}],"person":[{"family":"Minckwitz","given":"Gunter von","display":"Minckwitz, Gunter von","role":"aut"},{"role":"aut","display":"Schneeweiss, Andreas","given":"Andreas","family":"Schneeweiss"},{"role":"aut","given":"Sibylle","display":"Loibl, Sibylle","family":"Loibl"},{"role":"oth","given":"Christoph","display":"Salat, Christoph","family":"Salat"},{"role":"oth","family":"Denkert","given":"Carsten","display":"Denkert, Carsten"},{"role":"oth","family":"Rezai","display":"Rezai, Mahdi","given":"Mahdi"},{"family":"Blohmer","given":"Jens-Uwe","display":"Blohmer, Jens-Uwe","role":"oth"},{"role":"oth","given":"Christian","display":"Jackisch, Christian","family":"Jackisch"},{"role":"oth","given":"Stefan","display":"Paepke, Stefan","family":"Paepke"},{"role":"oth","family":"Gerber","display":"Gerber, Bernd","given":"Bernd"},{"role":"oth","display":"Zahm, Dirk M.","given":"Dirk M.","family":"Zahm"},{"role":"oth","family":"Kümmel","display":"Kümmel, Sherko","given":"Sherko"},{"role":"oth","family":"Eidtmann","given":"Holger","display":"Eidtmann, Holger"},{"role":"oth","display":"Klare, Peter","given":"Peter","family":"Klare"},{"role":"oth","given":"Jens","display":"Huober, Jens","family":"Huober"},{"role":"oth","given":"Serban","display":"Costa, Serban","family":"Costa"},{"role":"oth","display":"Tesch, Hans","given":"Hans","family":"Tesch"},{"given":"Claus Alexander","display":"Hanusch, Claus Alexander","family":"Hanusch","role":"oth"},{"given":"Jörn","display":"Hilfrich, Jörn","family":"Hilfrich","role":"oth"},{"family":"Khandan","display":"Khandan, Fariba","given":"Fariba","role":"oth"},{"family":"Fasching","display":"Fasching, Peter Andreas","given":"Peter Andreas","role":"oth"},{"family":"Sinn","display":"Sinn, Bruno V.","given":"Bruno V.","role":"oth"},{"role":"oth","family":"Engels","display":"Engels, Knut","given":"Knut"},{"given":"Keyur","display":"Mehta, Keyur","family":"Mehta","role":"oth"},{"role":"oth","given":"Valentina","display":"Nekljudova, Valentina","family":"Nekljudova"},{"role":"oth","given":"Michael","display":"Untch, Michael","family":"Untch"}],"language":["eng"],"relHost":[{"pubHistory":["1.2000 -"],"id":{"issn":["1470-2045"],"zdb":["2049730-1"],"eki":["330613073"]},"part":{"year":"2014","text":"15(2014), 7, Seite 747-756","volume":"15","pages":"747-756","issue":"7"},"recId":"330613073","language":["eng"],"title":[{"partname":"Oncology","title":"The lancet","title_sort":"lancet"}],"disp":"Neoadjuvant carboplatin in patients with triple-negative and HER2-positive early breast cancer (GeparSixto; GBG 66) a randomised phase 2 trialThe lancet <London> / Oncology","titleAlt":[{"title":"The lancet <London> / Oncology"}],"type":{"bibl":"periodical"},"origin":[{"dateIssuedDisp":"2000-","dateIssuedKey":"2000","publisher":"Elsevier ; The Lancet Group","publisherPlace":"Oxford ; London"}]}],"origin":[{"dateIssuedDisp":"2014","dateIssuedKey":"2014"}],"type":{"bibl":"article-journal"},"id":{"eki":["787828505"]},"recId":"787828505"} 
SRT |a MINCKWITZGNEOADJUVAN2014